Anagramas - Jugadores del Real Madrid - Estadísticas

Estadísticas generales
  • Esta prueba ha sido intentada 385 veces
  • La puntuación promedio es 18 de 21
Estadísticas de respuestas
Anagrama Jugador % Correcto
oyrdrgo Rodrygo
98%
hemligalenb Bellingham
96%
pmaepb Mbappe
96%
rdegiur Rudiger
95%
abala Alaba
94%
larajavc Carvajal
92%
sucal Lucas
92%
nunil Lunin
92%
otilami Militao
90%
sinuvici Vinicius
90%
comidr Modric
89%
daleverv Valverde
88%
ibhrma Brahim
87%
givanamac Camavinga
87%
emuchaotni Tchouameni
85%
denym Mendy
83%
kinredc Endrick
81%
socitoru Courtois
80%
lugre Guler
78%
laveloj Vallejo
76%
lobecals Ceballos
73%
No se encontraron pruebas coincidentes
Distribución de puntuación
Porcentaje de gente con cada puntuación
Porcentaje por número respondido
Historial de tus puntuaciones
No has intentado esta prueba.